| 000 | 00919nam a2200253Ia 4500 | ||
|---|---|---|---|
| 003 | IN-BaIIA | ||
| 008 | 211028s9999 xx 000 0 eng d | ||
| 020 | _a1-58381-083-8 | ||
| 040 | _cIIA Library | ||
| 080 |
_a082.2:52 _bASP-245 |
||
| 111 |
_aConference on Astrophysical Ages and Time Scales _cHawaii, U.S.A. _d2001 Feb. 5-9 _926164 |
||
| 245 | 0 |
_aAstrophysical ages and time scales _bproceedings of a conference held in Hawaii, U.S.A., February 5-9, 2001 _cedited by T. V. Hippel, C. Simpson and N. Mansel |
|
| 260 |
_aCalifornia _bAstronomical Society of the Pacific _c2001 |
||
| 300 | _axviii, 639p. | ||
| 490 | _aASP conference series; v. 245 | ||
| 650 |
_aAstronomy _980 |
||
| 650 |
_aAstrophysics _9794 |
||
| 650 |
_aDebris disk systems _926165 |
||
| 650 |
_aGalaxy _93368 |
||
| 700 |
_aHippel, T. V., ed. _926166 |
||
| 700 |
_aMansel, N., ed. _926167 |
||
| 700 |
_aSimpson , C., ed. _926168 |
||
| 942 | _cBK | ||
| 999 |
_c14664 _d14664 |
||